Country by its bordering countries #1 - Statistics

General Stats
  • This quiz has been taken 70 times
  • The average score is 14 of 15
Answer Stats
Bordering countries Country % Correct
The Netherlands, Germany, Luxembourg, France Belgium
98%
Brazil, Peru, Chile, Argentina, Paraguay Bolivia
98%
Latvia, Russia Estonia
96%
Pakistan, China, Nepal, Bhutan, Bangladesh, Myanmar, India
96%
Russia, Lithuania, Belarus, Ukraine, Slovakia, Czech Republic, Germany Poland
96%
Italy, Austria, Hungary, Croatia Slovenia
96%
North Korea South Korea
96%
Norway, Sweden, Russia Finland
95%
South African Republic Lesotho
95%
Nicaragua, Panama Costa Rica
93%
Ukraine, Romania Moldova
93%
Eritrea, Ethiopia, Somalia Djibouti
91%
Malaysia, East-Timor, Papua New-Guinea Indonesia
91%
Ghana, Burkina Faso, Benin Togo
88%
Cameroon, Gabon Equatorial-Guinea
86%
No matching quizzes found
Score Distribution
Percent of People with Each Score
Percentile by Number Answered
Your Score History
You have not taken this quiz